Actors who worked with Shawn Levy - Statistics

General Stats
  • This quiz has been taken 23 times
  • The average score is 32 of 146
Answer Stats
Hint Answer % Correct
Night at the Museum, Night at the Museum: Battle of the Smithsonian, Night at the Museum: Secret of the Tomb Ben Stiller
100%
Deadpool & Wolverine, Free Guy, Real Steel Hugh Jackman
91%
Deadpool & Wolverine, Free Guy, The Adam Project Ryan Reynolds
91%
Night at the Museum, Night at the Museum: Battle of the Smithsonian, Night at the Museum: Secret of the Tomb Rami Malek
82%
Night at the Museum, Night at the Museum: Battle of the Smithsonian, Night at the Museum: Secret of the Tomb Robin Williams
82%
Night at the Museum: Battle of the Smithsonian, Night at the Museum: Secret of the Tomb, The Internship Owen Wilson
73%
Date Night Steve Carell
73%
The Adam Project, Date Night Mark Ruffalo
64%
Night at the Museum: Secret of the Tomb Rebel Wilson
64%
Night at the Museum: Secret of the Tomb Ben Kingsley
55%
Free Guy Dwayne Johnson
55%
Jett Jackson: The Movie Nigel Shawn Williams
55%
Night at the Museum: Battle of the Smithsonian Amy Adams
45%
Night at the Museum Paul Rudd
45%
Night at the Museum, Night at the Museum: Battle of the Smithsonian, Night at the Museum: Secret of the Tomb Steve Coogan
45%
This Is Where I Leave You Adam Driver
36%
Night at the Museum: Secret of the Tomb Andrea Martin
36%
Cheaper by the Dozen, Just Married Ashton Kutcher
36%
The Pink Panther Beyoncé
36%
Night at the Museum Carla Gugino
36%
The Adam Project Catherine Keener
36%
Deadpool & Wolverine, Free Guy Channing Tatum
36%
Deadpool & Wolverine, Free Guy Chris Evans
36%
Deadpool & Wolverine Dafne Keen
36%
Big Fat Liar Frankie Muniz
36%
This Is Where I Leave You Jason Bateman
36%
Free Guy Joe Keery
36%
Night at the Museum: Battle of the Smithsonian, Date Night Jon Bernthal
36%
Date Night Mark Wahlberg
36%
Big Fat Liar Paul Giamatti
36%
Night at the Museum, Night at the Museum: Battle of the Smithsonian, Night at the Museum: Secret of the Tomb Ricky Gervais
36%
Cheaper by the Dozen, The Pink Panther Steve Martin
36%
Free Guy, This Is Where I Leave You, Date Night Tina Fey
36%
The Internship Vince Vaughn
36%
Big Fat Liar Amanda Bynes
27%
Night at the Museum: Battle of the Smithsonian Bill Hader
27%
Night at the Museum: Battle of the Smithsonian Christopher Guest
27%
The Pink Panther Clive Owen
27%
Night at the Museum: Secret of the Tomb Dan Stevens
27%
Night at the Museum, Night at the Museum: Secret of the Tomb Dick Van Dyke
27%
Real Steel Evangeline Lilly
27%
Night at the Museum: Battle of the Smithsonian Hank Azaria
27%
This Is Where I Leave You Jane Fonda
27%
Deadpool & Wolverine, The Adam Project Jennifer Garner
27%
Free Guy Jodie Comer
27%
The Internship Josh Gad
27%
Deadpool & Wolverine Matthew Macfadyen
27%
Night at the Museum, Night at the Museum: Secret of the Tomb Mickey Rooney
27%
Night at the Museum, Night at the Museum: Battle of the Smithsonian, Night at the Museum: Secret of the Tomb Mizuo Peck
27%
Free Guy Taika Waititi
27%
The Adam Project Walker Scobell
27%
Deadpool & Wolverine Wesley Snipes
27%
The Adam Project Zoe Saldana
27%
Night at the Museum: Battle of the Smithsonian Alain Chabat
18%
Real Steel Anthony Mackie
18%
This Is Where I Leave You Ben Schwartz
18%
Night at the Museum, Night at the Museum: Secret of the Tomb Bill Cobbs
18%
Cheaper by the Dozen Bonnie Hunt
18%
Just Married Brittany Murphy
18%
This Is Where I Leave You Dax Shepard
18%
The Internship Dylan O'Brien
18%
Deadpool & Wolverine Emma Corrin
18%
Date Night Gal Gadot
18%
Cheaper by the Dozen Hilary Duff
18%
Night at the Museum, Night at the Museum: Battle of the Smithsonian Jake Cherry
18%
Date Night James Franco
18%
Date Night JB Smoove
18%
The Pink Panther Jean Reno
18%
Night at the Museum: Battle of the Smithsonian Jonah Hill
18%
This Is Where I Leave You Kathryn Hahn
18%
Real Steel Kevin Durand
18%
The Pink Panther Kevin Kline
18%
Address Unknown Kyle Howard
18%
Date Night Mila Kunis
18%
Deadpool & Wolverine Morena Baccarin
18%
Night at the Museum, Night at the Museum: Battle of the Smithsonian, Night at the Museum: Secret of the Tomb Patrick Gallagher
18%
Night at the Museum: Secret of the Tomb Rachael harris
18%
Deadpool & Wolverine Rob Delaney
18%
Night at the Museum: Secret of the Tomb Skyler Gisondo
18%
Cheaper by the Dozen Tom Welling
18%
The Internship Aasif Mandvi
9%
This Is Where I Leave You Abigail Spencer
9%
Big Fat Liar Amanda Detmer
9%
Date Night Bill Burr
9%
The Internship B. J. Novak
9%
Just Married Christian Kane
9%
Date Night Common
9%
This Is Where I Leave You Connie Britton
9%
This Is Where I Leave You Corey Stoll
9%
Real Steel Dakota Goyo
9%
Just Married David Moscow
9%
Night at the Museum: Battle of the Smithsonian Ed Helms
9%
The Pink Panther Emily Mortimer
9%
The Internship Eric André
9%
Night at the Museum: Battle of the Smithsonian Eugene Levy
9%
Deadpool & Wolverine Henry Cavill
9%
The Pink Panther Henry Czerny
9%
Real Steel Hope Davis
9%
Real Steel James Rebhorn
9%
Night at the Museum: Battle of the Smithsonian Jay Baruchel
9%
Date Night Jimmi Simpson
9%
Night at the Museum: Battle of the Smithsonian Joe Jonas
9%
Address Unknown Johna Stewart-Bowden
9%
Big Fat Liar John Cho
9%
Free Guy John Krasinski
9%
Deadpool & Wolverine Jon Favreau
9%
Big Fat Liar Kenan Thompson
9%
Night at the Museum: Battle of the Smithsonian Kevin Jonas
9%
Night at the Museum Kim Raver
9%
Date Night Kristen Wiig
9%
Big Fat Liar Lee Majors
9%
Jett Jackson: The Movie Lee Thompson Young
9%
Date Night Leighton Meester
9%
Free Guy Lil Rel Howery
9%
Jett Jackson: The Movie Lindy Booth
9%
Just in Time Mark Moses
9%
The Internship Max Minghella
9%
Night at the Museum: Battle of the Smithsonian Mindy Kaling
9%
Night at the Museum: Battle of the Smithsonian Nick Jonas
9%
Date Night Olivia Munn
9%
Address Unknown Patrick Renna
9%
Night at the Museum Pierfrancesco Favino
9%
Cheaper by the Dozen Piper Perabo
9%
Just in Time Rebecca Chambers
9%
Cheaper by the Dozen Richard Jenkins
9%
Deadpool & Wolverine Rob McElhenney
9%
The Internship Rob Riggle
9%
The Internship, This Is Where I Leave You Rose Byrne
9%
Big Fat Liar Sandra Oh
9%
The Pink Panther Scott Adkins
9%
Date Night Taraji P. Henson
9%
This Is Where I Leave You Timothy Olyphant
9%
Free Guy Utkarsh Ambudkar
9%
Cheaper by the Dozen Wayne Knight
9%
Date Night William Fichtner
9%
Deadpool & Wolverine Blake Lively
0%
Cheaper by the Dozen Jared Padalecki
0%
The Pink Panther Jason Statham
0%
The Internship Jimmy O. Yang
0%
The Internship John Goodman
0%
The Internship Josh Brener
0%
Deadpool & Wolverine Matthew McConaughey
0%
Jett Jackson: The Movie Michael Ironside
0%
Deadpool & Wolverine Nathan Fillion
0%
This Is Where I Leave You Oakes Fegley
0%
The Internship Will Ferrell
0%
No matching quizzes found
Score Distribution
Percent of People with Each Score
Percentile by Number Answered
Your Score History
You have not taken this quiz